English in practice : secondary English Department at work (Record no. 645)

MARC details
000 -LEADER
fixed length control field 00378nam a2200109 4500
082 ## - DEWEY DECIMAL CLASSIFICATION NUMBER
Classification number 428
Item number SUM
245 ## - TITLE STATEMENT
Title English in practice : secondary English Department at work
Statement of responsibility, etc. edited by Geoffrey Summerfield and Stephen Tunnicliffe
260 ## - PUBLICATION, DISTRIBUTION, ETC.
Place of publication, distribution, etc. Cambridge
Name of publisher, distributor, etc. Cambridge University Press
Date of publication, distribution, etc. 1971
300 ## - PHYSICAL DESCRIPTION
Extent vii,222p.; 21cm.
710 ## - ADDED ENTRY--CORPORATE NAME
Corporate name or jurisdiction name as entry element Summerfield, Geoffrey
710 ## - ADDED ENTRY--CORPORATE NAME
Corporate name or jurisdiction name as entry element Tunnicliffe, Stephen
Holdings
Withdrawn status Lost status Damaged status Not for loan Collection code Home library Current library Date acquired Total Checkouts Full call number Barcode Date last seen Date last checked out Price effective from Koha item type
        ENGLISH North Eastern Hill University North Eastern Hill University 18/11/2011 1 428 SUM A2330 23/04/2014 23/04/2014 18/11/2011 Books